[Event "Krefeld Pfingsten op"]
[Site "Krefeld"]
[Date "2025.06.08"]
[Round "4"]
[White "Kunz, Nils"]
[Black "Zander, Vincent"]
[Result "0-1"]
[WhiteElo "1611"]
[BlackElo "1695"]
[PlyCount "76"]
[EventDate "2025.06.06"]
[EventType "swiss"]
[EventRounds "9"]
[EventCountry "GER"]
[SourceTitle "CB24_2025"]
[SourceDate "2025.06.11"]
[SourceVersion "1"]
[SourceVersionDate "2025.06.11"]
[SourceQuality "1"]

1. d4 Nf6 2. Bf4 e6 3. e3 c5 4. c3 Nc6 5. Nf3 h6 6. Nbd2 Nh5 7. dxc5 Nxf4 8. exf4 Bxc5 9. Bd3 0-0 10. 0-0 b6 11. Re1 Bb7 12. Nb3 Be7 13. f5 Bf6 14. fxe6 dxe6 15. Qc2 Rc8 16. Rad1 Qc7 17. Re2 Rfd8 18. Qb1 Ne5 19. Nxe5 Bxe5 20. h3 Bf4 21. Be4 Rxd1+ 22. Qxd1 Rd8 23. Qc2 Ba6 24. Re1 f5 25. Bf3 Bd3 26. Qd1 e5 27. Be2 Be4 28. Bc4+ Kh8 29. Qe2 a5 30. g3 Qc6 31. gxf4 Qg6+ 32. Qg4 fxg4 33. Kh2 gxh3 34. Rg1 Qf5 35. Rg3 exf4 36. Rxh3 Rd1 37. f3 Qxh3+ 38. Kxh3 Bxf3 0-1